Female Singers by #1 Songs - Statistics

General Stats
  • This quiz has been taken 326 times
  • The average score is 24 of 38
Answer Stats
# #1s Artist % Correct
9 I Kissed A Girl, California Gurls, Teenage Dream, Firework, E.T., Last Friday Night (T.G.I.F.), Part Of Me, Roar, Dark Horse Katy Perry
97%
4 Rolling In The Deep, Someone Like You, Set Fire To The Rain, Hello Adele
95%
14 SOS, Umbrella, Take A Bow, Disturbia, Live Your Live, Rude Boy, Love The Way You Lie, What's My Name, Only Girl (In The World), S&M, We Found Love, Diamonds, The Monster, Work Rihanna
95%
3 Just Dance, Poker Face, Born This Way Lady Gaga
93%
6 Crazy In Love, Baby Boy, Check On It, Irreplaceable, Single Ladies (Put A Ring On It), Perfect Beyonce
92%
5 ...Baby One More Time, Womanizer, 3, Hold It Against Me, S&M Britney Spears
90%
12 Like A Virgin, Crazy For You, Live To Tell, Papa Don't Preach, Open Your Heart, Who's That Girl, Like A Prayer, Vogue, Justify My Love, This Used To Be My Playground, Take A Bow, Music Madonna
89%
1 Hips Don't Lie Shakira
89%
1 Wrecking Ball Miley Cyrus
88%
5 We Are Never Getting Back Together, Shake It Off, Blank Space, Bad Blood, Look What You Made Me Do Taylor Swift
88%
11 Saving All My Love For You, How Will I Know, Greatest Love Of All, I Wanna Dance With Somebody (Who Loves Me), Didn't We Almost Have it All, So Emotional, Where Do Broken Hearts Go, I'm Your Baby Tonight, All The Man That I Need, I Will Always Love You, Exhale (Shoop Shoop) Whitney Houston
85%
3 TiK ToK, We R Who We R, Timber Kesha
83%
5 Genie In A Bottle, What A Girl Wants, Come On Over Baby (All I Want Is You), Lady Marmalade, Moves Like Jagger Christina Aguilera
80%
4 The Power Of Love, Because You Loved Me, My Heart Will Go On, I'm Your Angel Celine Dion
75%
4 Lady Marmalade, So What, Raise Your Glass, Just Give Me A Reason Pink
75%
4 Fallin', My Boo, No One, Empire State Of Mind Alicia Keys
71%
1 Cheap Thrills Sia
68%
18 Vision Of Love, Love Takes Time, Someday, I Don't Wanna Cry, Emotions, I'll Be There, Dreamlover, Hero, Fantasy, One Sweet Day, Always Be My Baby, Honey, My All, Heartbreaker, Thank God I Found You, Don't Forget About Us, We Belong Together, Touch My Body Mariah Carey
67%
3 A Moment Like This, My Life Would Suck Without You, Stronger (What Doesn't Kill You) Kelly Clarkson
62%
2 Respect, I Knew You Were Waiting (For Me) Aretha Franklin
60%
2 9 To 5, Islands In The Stream Dolly Parton
56%
1 Girlfriend Avril Lavigne
55%
1 Whats Love Got To Do With It Tina Turner
54%
3 Promiscuous, Say It Right, Give It To Me Nelly Furtado
53%
4 Gypsys, Tramps & Thieves, Half-Breed, Dark Lady, Believe Cher
52%
2 Time After Time, True Colors Cyndi Lauper
52%
5 I Honestly Love You, Have You Never Been Mellow, You're The One That I Want, Magic, Physical Olivia Newton-John
50%
6 Ain't No Mountain High Enough, Touch Me in The Morning, Do You Know Where You're Going To Diana Ross
43%
2 You're Makin' Me High, Un-Break My Heart Toni Braxton
43%
5 The Way We Were, Evergreen, You Don't Bring Me Flowers, No More Tears (Enough Is Enough), Woman In Love Barbra Streisand
41%
4 MacArthur Park, Hot Stuff, Bad Girls, No More Tears (Enough Is Enough) Donna Summer
40%
4 If You Had My Love, I'm Real, Ain't It Funny, All I Have Jennifer Lopez
40%
10 When I Think Of You, Miss You Much, Escapade, Black Cat, Love Will Never Do (Without You), That's The Way Love Goes, Again, Together Again, Doesn't Really Matter, All For You Janet Jackson
39%
6 Straight Up, Forever Your Girl, Cold Hearted, Opposites Attract, Rush Rush, A Promise Of A New Day Paula Abdul
38%
2 Then Came You, That's What Friends Are For Dionne Warwick
27%
2 Always On Time, Foolish Ashanti
23%
3 Anything For You, Don't Wanna Lose You, Coming Out Of The Dark Gloria Estefan
21%
1 You're No Good Linda Ronstadt
17%
No matching quizzes found
Score Distribution
Percent of People with Each Score
Percentile by Number Answered
Your Score History
You have not taken this quiz